000 00559nam a2200181Ia 4500
003 LK-CoDNM
008 010623t1995 xxu||||| |||| 00| 1 eng d
040 _aLK-CoDNM
_dLK-CoDNM
_eLK-CoDNM
041 _aeng
_asin
080 _a801.5(802.0)
_bGAM
100 _aGamlath, Sucharitha
245 _aවිද්‍යාත්මක ඉංග්‍රීසි ව්‍යාකරණය
246 _aVidyathmaka Engreesi vyakaranaya
260 _bSahasra prakashakayo
_aColombo
_c1995
300 _b(x)114, 22 cm
650 _aEnglish grammar
942 _cBK
999 _c117280
_d117280